| 000 | 00512nam a2200181Ia 4500 | ||
|---|---|---|---|
| 003 | LDD | ||
| 008 | 181029s9999 xx 000 0 und d | ||
| 020 |
_a8174453962 _c17000.00 |
||
| 040 | _cLDD | ||
| 245 | 0 |
_aModel curriculum of UGC _bA comparative review |
|
| 260 |
_aNew Delhi _bMohit Publications _c2008 |
||
| 300 | _a22V. | ||
| 365 | _b17000.00 | ||
| 901 |
_a4760 _b23-10-2008 |
||
| 902 |
_a167 _b06-11-2008 _cF _dBSPD _e0 |
||
| 903 |
_aDiscount-15 _bReqst by : V.C. |
||
| 942 |
_2ddc _cBK |
||
| 999 |
_c83086 _d83086 |
||